Geographic Groups of Five #2 - Statistics

General Stats
  • This quiz has been taken 64,036 times
  • The average score is 35 of 45
Answer Stats
Group Answer % Correct
Oceans Atlantic
98%
Nordic countries Finland
98%
Nordic countries Norway
98%
Oceans Pacific
98%
Nordic countries Sweden
98%
Nordic countries Denmark
97%
European countries with French as an official language France
97%
Oceans Indian
97%
Nordic countries Iceland
96%
Biggest Caribbean islands Cuba
93%
Most-spoken Romance languages French
93%
Most-spoken Romance languages Spanish
93%
Most-spoken Romance languages Italian
92%
Oceans Arctic
89%
European countries with French as an official language Switzerland
89%
European countries with French as an official language Belgium
88%
Biggest Caribbean islands Jamaica
88%
Boroughs of New York City Manhattan
87%
Great Lakes of North America Michigan
84%
European countries with French as an official language Luxembourg
83%
Most populous cities in Colombia Bogotá
81%
Oceans Southern
81%
European countries with French as an official language Monaco
80%
Most-spoken Romance languages Portuguese
80%
Boroughs of New York City Bronx
78%
Great Lakes of North America Erie
78%
Great Lakes of North America Superior
78%
Boroughs of New York City Brooklyn
76%
Boroughs of New York City Queens
76%
Capital cities below 30° South Canberra
75%
Capital cities below 30° South Wellington
73%
Capital cities below 30° South Buenos Aires
72%
Great Lakes of North America Ontario
68%
Capital cities below 30° South Santiago
68%
Biggest Caribbean islands Hispaniola
67%
Great Lakes of North America Huron
66%
Biggest Caribbean islands Trinidad
62%
Boroughs of New York City Staten Island
60%
Most-spoken Romance languages Romanian
57%
Capital cities below 30° South Montevideo
52%
Biggest Caribbean islands Puerto Rico
51%
Most populous cities in Colombia Medellín
50%
Most populous cities in Colombia Cali
32%
Most populous cities in Colombia Cartagena
22%
Most populous cities in Colombia Barranquilla
21%
No matching quizzes found
Score Distribution
Percent of People with Each Score
Percentile by Number Answered
Your Score History
You have not taken this quiz